000 00740nam a2200229Ia 4500
001 16652
003 GE_BSU
008 181216s||||||||xx |||||||||||||| ||und||
040 _cGE_BSU
080 _a821.353.1-1 + 821.353.1-11
100 _aმელია, ი.
245 _aმამულის კვამლი
245 _bლექსები და პოემა
245 _cრედ.ც.წუწუნავა. მხ.შ.ხოლუაშვილი
260 _aბათუმი
260 _bსახელგამი
260 _c1959
300 _a166გვ. ; 18სმ
653 _aლექსები და პოემა
653 _aმამულის კვამლი
942 _cBK
999 _c49718
_d49718